| 000 | 00653cab a2200253 4500 | ||
|---|---|---|---|
| 001 | X1973 | ||
| 008 | 090401t1995 xxu||||| |||| 00| 0 eng d | ||
| 035 | _a(Sirsi) u20757 | ||
| 041 | _aeng | ||
| 245 | _aNational strategy needed | ||
| 260 | _c1995 | ||
| 350 | _a0 | ||
| 490 |
_aCSM (Chartered Surveyor Monthly) _v4(4) February 1995, 14(1) |
||
| 650 | _aCOMMERCIAL PLANTING | ||
| 650 | _aFORESTRY COMMISSION | ||
| 650 | _aFORESTRY | ||
| 650 | _aOUR FORESTS-THE WAY AHEAD | ||
| 650 | _aRICS | ||
| 650 | _aSCHEDULE D INCENTIVES | ||
| 650 | _aWOODLANDS | ||
| 690 | _aENVIRONMENTAL AND LAND CONSULTANCY | ||
| 942 | _n0 | ||
| 948 | _c04/03/1997 | ||
| 999 |
_c13909 _d13909 |
||